000 00502nam a22001817a 4500
003 CEME
005 20210628201718.0
008 210215b xxu||||| |||| 00| 0 eng d
020 _a81-7808-087-7
040 _c.
082 _a621.367 GON
100 _aWoods, Richard.E Gonzalez, Rafael.C
_956475
245 _aDigital image processing
260 _aINDIA
_bADDISON WESLEY
_c2000
300 _aXVI,707P
650 _aIMAGE PROCESSING-DIGITAL.DIP.DIGITAL IMAGE PROCESSING
_956476
942 _cBK
_2ddc
999 _c566876
_d566876